| 000 | 004770000a22001450004500 | ||
|---|---|---|---|
| 090 |
_aAR _b04262 |
||
| 245 | 1 | 0 | _aBiodiversity conservation and protected areas in tropical countries |
| 300 | _a212-221 p. | ||
| 500 | _a<Literatura de escarabajos coprófagos> | ||
| 041 | 0 | _aInglés | |
| 100 | 1 |
_aHalffter, G. _998043 |
|
| 260 |
_aFrancia _bCAB International _c1996 |
||
| 942 | _cARTICULO | ||
| 773 | 1 | _tCastri, Francesco Di; Younés, Talal Eds/Biodiversity, science and development | |
| 999 |
_c13359 _d13359 |
||